| 000 | 00974nam a2200289 i 4500 | ||
|---|---|---|---|
| 003 | EG-GICUC | ||
| 005 | 20260419201221.0 | ||
| 008 | 260419s1957 be |||g ||||f00| 0 fre d | ||
| 040 |
_aEG-GiCUC _bfre _cEG-GiCUC _dEG-GiCUC _eRda |
||
| 041 | _afre | ||
| 082 | 0 | 4 |
_221 _a343.112 |
| 092 | 0 | 4 | _221 |
| 099 | _aLaw 10 343.112 CO . U 1957 B1008652 C1 | ||
| 110 | _aUniversité Libre de Bruxelles | ||
| 245 | 1 | 4 |
_aLes conséquences légales, administratives et sociales de la condamnation pénale / _cUniversité Libre de Bruxelles. |
| 264 | 0 |
_aBrussels : _bMaison F. Larcier S.A, _c1957 |
|
| 300 |
_a98 pages ; _c 24 cm |
||
| 336 |
_2rda contenu _a texte |
||
| 337 |
_2rda medias _aOrdinateur |
||
| 338 |
_2 transporteur rda _a Ressource en ligne |
||
| 650 | 0 | 4 |
_adroit pénal _2qrmak |
| 651 | 1 | _2qrmak | |
| 710 |
_aCentre d'Études René Marcq _ePrésident |
||
| 856 | 4 | 0 | _uhttps://fll.law.cu.edu.eg/fulltext/bks/B10-08652.pdf |
| 905 | _a162 | ||
| 942 |
_2ddc _cBK _e21 _n0 |
||
| 999 |
_c72047 _d72047 |
||